Shaws Textbook of Gynaecology (Record no. 151659)
[ view plain ]
| 000 -LEADER | |
|---|---|
| fixed length control field | 00401nam a2200145Ia 4500 |
| 008 - FIXED-LENGTH DATA ELEMENTS--GENERAL INFORMATION | |
| fixed length control field | 230411s9999 xx 000 0 und d |
| 020 ## - INTERNATIONAL STANDARD BOOK NUMBER | |
| International Standard Book Number | 81-7042-008-3 |
| 041 ## - LANGUAGE CODE | |
| Language code of text/sound track or separate title | eng |
| 082 ## - DEWEY DECIMAL CLASSIFICATION NUMBER | |
| Classification number | OG/618.1/HOW/BOU/B00140 |
| 100 ## - MAIN ENTRY--PERSONAL NAME | |
| Personal name | Howkins & Bourne |
| 9 (RLIN) | 176407 |
| 245 ## - TITLE STATEMENT | |
| Title | Shaws Textbook of Gynaecology |
| 260 ## - PUBLICATION, DISTRIBUTION, ETC. (IMPRINT) | |
| Name of publisher, distributor, etc. | B I Churchill Living Stone |
| Place of publication, distribution, etc. | New Delhi |
| Date of publication, distribution, etc. | 1989 |
| 300 ## - PHYSICAL DESCRIPTION | |
| Extent | 595p |
| Withdrawn status | Lost status | Damaged status | Not for loan | Collection code | Home library | Current library | Date acquired | Vendor | Cost, normal purchase price | Bill number | Total Checkouts | Full call number | Barcode | Date last seen | Cost, replacement price | Bill Date | Koha item type | Original Barcode |
|---|---|---|---|---|---|---|---|---|---|---|---|---|---|---|---|---|---|---|
| Gynecology | Smt. Bakul Tambat Institute of Nursing Education | Smt. Bakul Tambat Institute of Nursing Education | 21/07/2000 | S.K.Kothari,Pune. | 135.00 | 5158 | OG 618.1 HOW BOU B00140 | BTIN-BK-140 | 11/04/2023 | 135.00 | 30/08/2001 | Books | B00140 | |||||
| Gynecology | Smt. Bakul Tambat Institute of Nursing Education | Smt. Bakul Tambat Institute of Nursing Education | 30/08/2001 | S.K.Kothari,Pune. | 125.00 | 5158 | OG 618.1 HOW BOU B00505 | BTIN-BK-505 | 11/04/2023 | 125.00 | 30/08/2001 | Books | B00505 | |||||
| Gynecology | Smt. Bakul Tambat Institute of Nursing Education | Smt. Bakul Tambat Institute of Nursing Education | 28/07/2006 | B.J.Medical Co-oprative College Stores | 450.00 | 5158 | OG 618.1 HOW BOU B03537 | BTIN-BK-3537 | 11/04/2023 | 338.00 | 30/08/2001 | Books | B03537 |